[Event "178th Stay Safe Play From Home series"]
[Site "T#646379Emanuel Laske"]
[Date "2020.05.27"]
[Round "3"]
[White "Grizzzly"]
[Black "SecantFX"]
[Result "0-1"]
[WhiteElo "1745"]
[BlackElo "1894"]
[Annotator "NA RC"]
[PlyCount "104"]
[EventDate "2020.05.27"]
[EventType "swiss (blitz)"]

1. e4 {[%emt 0:00:02]} b6 {[%emt 0:00:01]} 2. d4 {[%emt 0:00:01]} Bb7 {[%emt 0:00:00]} 3. Bd3 {[%emt 0:00:01]} c5 {[%emt 0:00:01]} 4. Qe2 {[%emt 0:00:01]} cxd4 {[%emt 0:00:00]} 5. Nf3 {[%emt 0:00:02]} Nc6 {[%emt 0:00:00]} 6. Bf4 {[%emt 0:00:02]} f6 {[%emt 0:00:01]} 7. Nbd2 {[%emt 0:00:01]} e5 {[%emt 0:00:01]} 8. Bg3 {[%emt 0:00:02]} d6 {[%emt 0:00:00]} 9. c3 {[%emt 0:00:01]} Nge7 {[%emt 0:00:01]} 10. cxd4 {[%emt 0:00:01]} Nxd4 {[%emt 0:00:00]} 11. Nxd4 {[%emt 0:00:01]} exd4 {[%emt 0:00:00]} 12. Nb3 {[%emt 0:00:02]} Nc6 {[%emt 0:00:01]} 13. Rd1 {[%emt 0:00:02]} Be7 {[%emt 0:00:01]} 14. Bb5 {[%emt 0:00:02]} O-O {[%emt 0:00:04]} 15. Bxc6 {[%emt 0:00:01]} Bxc6 {[%emt 0:00:00]} 16. Nxd4 {[%emt 0:00:01]} Bd7 {[%emt 0:00:01]} 17. Qd3 {[%emt 0:00:02]} Qc8 {[%emt 0:00:02]} 18. Nf5 {[%emt 0:00:01]} Bxf5 {[%emt 0:00:01]} 19. exf5 {[%emt 0:00:00]} Rd8 {[%emt 0:00:01]} 20. O-O {[%emt 0:00:01]} Qc5 {[%emt 0:00:02]} 21. Rfe1 {[%emt 0:00:01]} Kf7 {[%emt 0:00:02]} 22. Qe3 {[%emt 0:00:01]} Rd7 {[%emt 0:00:03]} 23. Qe5 {[%emt 0:00:01]} fxe5 {[%emt 0:00:03]} 24. Bxe5 {[%emt 0:00:02]} Qxe5 {[%emt 0:00:01]} 25. Rxe5 {[%emt 0:00:02]} dxe5 {[%emt 0:00:00]} 26. Re1 {[%emt 0:00:00]} Bf6 {[%emt 0:00:01]} 27. f4 {[%emt 0:00:01]} exf4 {[%emt 0:00:01]} 28. Re4 {[%emt 0:00:02]} Rd4 {[%emt 0:00:01]} 29. Re6 {[%emt 0:00:02]} g6 {[%emt 0:00:02]} 30. Rc6 {[%emt 0:00:01]} gxf5 {[%emt 0:00:01]} 31. Rc7+ {[%emt 0:00:00]} Kg6 {[%emt 0:00:01]} 32. Rc6 {[%emt 0:00:00]} Rc4 {[%emt 0:00:01]} 33. h4 {[%emt 0:00:01]} Rc1+ {[%emt 0:00:02]} 34. Kh2 {[%emt 0:00:01]} Rc4 {[%emt 0:00:02]} 35. h5+ {[%emt 0:00:00]} Kg5 {[%emt 0:00:01]} 36. h6 {[%emt 0:00:01]} Kxh6 {[%emt 0:00:02]} 37. Rxf6+ {[%emt 0:00:02]} Kg5 {[%emt 0:00:00]} 38. Rd6 {[%emt 0:00:01]} Rc6 {[%emt 0:00:01]} 39. Rd7 {[%emt 0:00:00]} Rc7 {[%emt 0:00:01]} 40. Rxc7 {[%emt 0:00:01]} h6 {[%emt 0:00:01]} 41. Rc2 {[%emt 0:00:00]} Rg8 {[%emt 0:00:01]} 42. Rf2 {[%emt 0:00:00]} h5 {[%emt 0:00:00]} 43. Kh3 {[%emt 0:00:01]} h4 {[%emt 0:00:00]} 44. g3 {[%emt 0:00:00]} fxg3 {[%emt 0:00:01]} 45. Rg2 {[%emt 0:00:01]} f4 {[%emt 0:00:00]} 46. Re2 {[%emt 0:00:01]} f3 {[%emt 0:00:00]} 47. Re5+ {[%emt 0:00:01]} Kf4 {[%emt 0:00:00]} 48. Re7 {[%emt 0:00:02]} g2 {[%emt 0:00:00]} 49. Rg7 {[%emt 0:00:00]} Rxg7 {[%emt 0:00:01]} 50. Kxh4 {[%emt 0:00:00]} g1=Q {[%emt 0:00:00]} 51. Kh5 {[%emt 0:00:01]} Qg4+ {[%emt 0:00:00]} 52. Kh6 {[%emt 0:00:01]} Qg5# {[%emt 0:00:00] (Lag: Av=0.37s, max=1.1s)} 0-1

[Event "178th Stay Safe Play From Home series"]
[Site "T#646379Emanuel Laske"]
[Date "2020.05.27"]
[Round "3"]
[White "Emresenar"]
[Black "The Next Contender"]
[Result "0-1"]
[WhiteElo "1736"]
[BlackElo "1867"]
[Annotator "NA RC"]
[PlyCount "50"]
[EventDate "2020.05.27"]
[EventType "swiss (blitz)"]

1. e4 {[%emt 0:00:01]} d5 {[%emt 0:00:00]} 2. exd5 {[%emt 0:00:01]} Qxd5 {[%emt 0:00:00]} 3. Nc3 {[%emt 0:00:01]} Qa5 {[%emt 0:00:00]} 4. Nf3 {[%emt 0:00:00]} c6 {[%emt 0:00:01]} 5. Bc4 {[%emt 0:00:00]} Bf5 {[%emt 0:00:00]} 6. O-O {[%emt 0:00:00]} e6 {[%emt 0:00:00]} 7. Re1 {[%emt 0:00:00]} Nf6 {[%emt 0:00:00]} 8. d4 {[%emt 0:00:00]} Be7 {[%emt 0:00:00]} 9. Bd2 {[%emt 0:00:00]} O-O {[%emt 0:00:00]} 10. Nh4 {[%emt 0:00:09]} Bg6 {[%emt 0:00:02]} 11. Nxg6 {[%emt 0:00:01]} hxg6 {[%emt 0:00:00]} 12. Qf3 {[%emt 0:00:07]} Nbd7 {[%emt 0:00:02]} 13. Nd5 {[%emt 0:00:04]} Qd8 {[%emt 0:00:07]} 14. Nf4 {[%emt 0:00:02]} Nb6 {[%emt 0:00:01]} 15. Bxe6 {[%emt 0:00:01]} fxe6 {[%emt 0:00:02]} 16. Nxe6 {[%emt 0:00:00]} Qd5 {[%emt 0:00:01]} 17. Qxd5 {[%emt 0:00:02]} Nbxd5 {[%emt 0:00:01]} 18. Nxf8 {[%emt 0:00:01]} Bxf8 {[%emt 0:00:00]} 19. c4 {[%emt 0:00:01]} Nb4 {[%emt 0:00:01]} 20. Rac1 {[%emt 0:00:06]} Nd3 {[%emt 0:00:01]} 21. Bf4 {[%emt 0:00:06]} Nxf4 {[%emt 0:00:08]} 22. Re2 {[%emt 0:00:02]} Nxe2+ {[%emt 0:00:01]} 23. Kh1 {[%emt 0:00:01]} Nxc1 {[%emt 0:00:00]} 24. a4 {[%emt 0:00:01]} Re8 {[%emt 0:00:01]} 25. b4 {[%emt 0:00:00]} Re1# {[%emt 0:00:01] (Lag: Av=0.69s, max=0.9s)} 0-1

[Event "178th Stay Safe Play From Home series"]
[Site "T#646379Emanuel Laske"]
[Date "2020.05.27"]
[Round "3"]
[White "Haris kollari 13"]
[Black "Praveen prasad"]
[Result "0-1"]
[WhiteElo "1624"]
[BlackElo "2332"]
[Annotator "NA"]
[PlyCount "86"]
[EventDate "2020.05.27"]
[EventType "swiss (blitz)"]

1. e4 {[%emt 0:00:01]} d5 {[%emt 0:00:01]} 2. exd5 {[%emt 0:00:01]} Qxd5 {[%emt 0:00:03]} 3. c4 {[%emt 0:00:00]} Qd8 {[%emt 0:00:00]} 4. Nc3 {[%emt 0:00:00]} Nf6 {[%emt 0:00:00]} 5. Nf3 {[%emt 0:00:00]} c5 {[%emt 0:00:00]} 6. d3 {[%emt 0:00:01]} Nc6 {[%emt 0:00:00]} 7. Bg5 {[%emt 0:00:01]} Bg4 {[%emt 0:00:01]} 8. Be2 {[%emt 0:00:01]} e6 {[%emt 0:00:01]} 9. Qd2 {[%emt 0:00:01]} h6 {[%emt 0:00:01]} 10. Bh4 {[%emt 0:00:01]} Be7 {[%emt 0:00:01]} 11. O-O {[%emt 0:00:01]} O-O {[%emt 0:00:00]} 12. h3 {[%emt 0:00:00]} Bxf3 {[%emt 0:00:02]} 13. Bxf3 {[%emt 0:00:01]} Qd7 {[%emt 0:00:00]} 14. Bxc6 {[%emt 0:00:02]} Qxc6 {[%emt 0:00:01]} 15. Bxf6 {[%emt 0:00:01]} Bxf6 {[%emt 0:00:01]} 16. Ne4 {[%emt 0:00:00]} Bd4 {[%emt 0:00:00]} 17. Rab1 {[%emt 0:00:01]} a5 {[%emt 0:00:01]} 18. a3 {[%emt 0:00:01]} b5 {[%emt 0:00:01]} 19. b3 {[%emt 0:00:02]} b4 {[%emt 0:00:02]} 20. a4 {[%emt 0:00:01]} Rfd8 {[%emt 0:00:01]} 21. Qe2 {[%emt 0:00:01]} Ra7 {[%emt 0:00:00]} 22. Rfd1 {[%emt 0:00:01]} Rad7 {[%emt 0:00:01]} 23. Qf3 {[%emt 0:00:01]} f5 {[%emt 0:00:01]} 24. Ng3 {[%emt 0:00:02]} Qxf3 {[%emt 0:00:01]} 25. gxf3 {[%emt 0:00:01]} Be5 {[%emt 0:00:01]} 26. Ne2 {[%emt 0:00:02]} Rxd3 {[%emt 0:00:01]} 27. Rxd3 {[%emt 0:00:01]} Rxd3 {[%emt 0:00:00]} 28. f4 {[%emt 0:00:01]} Bd4 {[%emt 0:00:02]} 29. Kg2 {[%emt 0:00:02]} Kf7 {[%emt 0:00:01]} 30. Ng3 {[%emt 0:00:09]} Rd2 {[%emt 0:00:02]} 31. Rf1 {[%emt 0:00:02]} Rb2 {[%emt 0:00:01]} 32. Kf3 {[%emt 0:00:03]} Rxb3+ {[%emt 0:00:01]} 33. Kg2 {[%emt 0:00:01]} Ra3 {[%emt 0:00:01]} 34. Ne2 {[%emt 0:00:01]} Rxa4 {[%emt 0:00:01]} 35. Rd1 {[%emt 0:00:03]} b3 {[%emt 0:00:01]} 36. Ra1 {[%emt 0:00:03]} Rxa1 {[%emt 0:00:02]} 37. Nxd4 {[%emt 0:00:01]} cxd4 {[%emt 0:00:00]} 38. c5 {[%emt 0:00:01]} b2 {[%emt 0:00:01]} 39. c6 {[%emt 0:00:00]} Rc1 {[%emt 0:00:00]} 40. c7 {[%emt 0:00:00]} Rxc7 {[%emt 0:00:01]} 41. h4 {[%emt 0:00:01]} Rc3 {[%emt 0:00:01]} 42. h5 {[%emt 0:00:00]} b1=Q {[%emt 0:00:00]} 43. f3 {[%emt 0:00:00]} Qc2+ {[%emt 0:00:01] Haris kollari 13 resigns (Lag: Av=0.89s, max=1.3s)} 0-1

[Event "178th Stay Safe Play From Home series"]
[Site "T#646379Emanuel Laske"]
[Date "2020.05.27"]
[Round "4"]
[White "Praveen prasad"]
[Black "BrainThinker22"]
[Result "1-0"]
[WhiteElo "2333"]
[BlackElo "2223"]
[Annotator "NA"]
[PlyCount "47"]
[EventDate "2020.05.27"]
[EventType "swiss (blitz)"]

1. e4 {[%emt 0:00:02]} c6 {[%emt 0:00:01]} 2. d4 {[%emt 0:00:01]} d5 {[%emt 0:00:00]} 3. exd5 {[%emt 0:00:00]} cxd5 {[%emt 0:00:00]} 4. c3 {[%emt 0:00:00]} Nc6 {[%emt 0:00:02]} 5. Nf3 {[%emt 0:00:00]} Nf6 {[%emt 0:00:00]} 6. Bd3 {[%emt 0:00:01]} Bg4 {[%emt 0:00:00]} 7. Bg5 {[%emt 0:00:01]} e6 {[%emt 0:00:01]} 8. h3 {[%emt 0:00:01]} Bh5 {[%emt 0:00:01]} 9. Nbd2 {[%emt 0:00:02]} Be7 {[%emt 0:00:01]} 10. O-O {[%emt 0:00:01]} Bg6 {[%emt 0:00:00]} 11. Bxg6 {[%emt 0:00:01]} hxg6 {[%emt 0:00:00]} 12. Ne5 {[%emt 0:00:01]} O-O {[%emt 0:00:00]} 13. Re1 {[%emt 0:00:01]} Nxe5 {[%emt 0:00:00]} 14. dxe5 {[%emt 0:00:01]} Nd7 {[%emt 0:00:00]} 15. Bxe7 {[%emt 0:00:00]} Qxe7 {[%emt 0:00:00]} 16. f4 {[%emt 0:00:02]} Rac8 {[%emt 0:00:01]} 17. Qg4 {[%emt 0:00:01]} Nc5 {[%emt 0:00:01]} 18. Nf3 {[%emt 0:00:01]} Nd3 {[%emt 0:00:01]} 19. Re3 {[%emt 0:00:02]} Nxb2 {[%emt 0:00:02]} 20. Ng5 {[%emt 0:00:01]} f6 {[%emt 0:00:05]} 21. exf6 {[%emt 0:00:10]} gxf6 {[%emt 0:00:00]} 22. Nxe6 {[%emt 0:00:01]} Qg7 {[%emt 0:00:08]} 23. Nxg7 {[%emt 0:00:01]} Kxg7 {[%emt 0:00:01]} 24. Re7+ {[%emt 0:00:01] BrainThinker22 resigns (Lag: Av=0.67s, max=0.8s)} 1-0

[Event "178th Stay Safe Play From Home series"]
[Site "T#646379Emanuel Laske"]
[Date "2020.05.27"]
[Round "4"]
[White "Lamborghini"]
[Black "Lazieri3"]
[Result "1-0"]
[WhiteElo "2205"]
[BlackElo "2071"]
[Annotator "RC"]
[PlyCount "95"]
[EventDate "2020.05.27"]
[EventType "swiss (blitz)"]

1. e4 {[%emt 0:00:01]} c6 {[%emt 0:00:00]} 2. d3 {[%emt 0:00:01]} d5 {[%emt 0:00:00]} 3. Nd2 {[%emt 0:00:01]} dxe4 {[%emt 0:00:01]} 4. dxe4 {[%emt 0:00:01]} Nf6 {[%emt 0:00:00]} 5. Ngf3 {[%emt 0:00:01]} Bg4 {[%emt 0:00:00]} 6. e5 {[%emt 0:00:01]} Nd5 {[%emt 0:00:02]} 7. h3 {[%emt 0:00:01]} Bh5 {[%emt 0:00:01]} 8. e6 {[%emt 0:00:01]} fxe6 {[%emt 0:00:02]} 9. Qe2 {[%emt 0:00:03]} Nf4 {[%emt 0:00:02]} 10. Qe5 {[%emt 0:00:02]} Qd6 {[%emt 0:00:01]} 11. Nc4 {[%emt 0:00:04]} Qxe5+ {[%emt 0:00:01]} 12. Nfxe5 {[%emt 0:00:01]} Nd7 {[%emt 0:00:02]} 13. Nxd7 {[%emt 0:00:02]} Kxd7 {[%emt 0:00:00]} 14. Bxf4 {[%emt 0:00:01]} Rd8 {[%emt 0:00:03]} 15. g4 {[%emt 0:00:02]} Bg6 {[%emt 0:00:02]} 16. O-O-O+ {[%emt 0:00:00]} Kc8 {[%emt 0:00:01]} 17. Rxd8+ {[%emt 0:00:01]} Kxd8 {[%emt 0:00:00]} 18. Ne5 {[%emt 0:00:00]} Be4 {[%emt 0:00:02]} 19. f3 {[%emt 0:00:01]} Bg6 {[%emt 0:00:01]} 20. Bd3 {[%emt 0:00:03]} Be8 {[%emt 0:00:03]} 21. h4 {[%emt 0:00:01]} g6 {[%emt 0:00:01]} 22. h5 {[%emt 0:00:01]} gxh5 {[%emt 0:00:00]} 23. gxh5 {[%emt 0:00:01]} Bg7 {[%emt 0:00:01]} 24. h6 {[%emt 0:00:01]} Bf6 {[%emt 0:00:03]} 25. Rg1 {[%emt 0:00:01]} b5 {[%emt 0:00:03]} 26. b4 {[%emt 0:00:01]} Kc8 {[%emt 0:00:02]} 27. Be4 {[%emt 0:00:01]} Kb7 {[%emt 0:00:02]} 28. Kd2 {[%emt 0:00:01]} Kb6 {[%emt 0:00:01]} 29. Ke3 {[%emt 0:00:01]} a5 {[%emt 0:00:02]} 30. c3 {[%emt 0:00:01]} axb4 {[%emt 0:00:01]} 31. cxb4 {[%emt 0:00:00]} c5 {[%emt 0:00:01]} 32. bxc5+ {[%emt 0:00:02]} Kxc5 {[%emt 0:00:00]} 33. Rc1+ {[%emt 0:00:01]} Kb6 {[%emt 0:00:01]} 34. Ke2 {[%emt 0:00:02]} b4 {[%emt 0:00:02]} 35. Be3+ {[%emt 0:00:01]} Ka5 {[%emt 0:00:01]} 36. f4 {[%emt 0:00:00]} Bxe5 {[%emt 0:00:01]} 37. fxe5 {[%emt 0:00:01]} Bb5+ {[%emt 0:00:01]} 38. Kf3 {[%emt 0:00:02]} Rf8+ {[%emt 0:00:01]} 39. Kg3 {[%emt 0:00:02]} Rg8+ {[%emt 0:00:01]} 40. Kh4 {[%emt 0:00:02]} Rf8 {[%emt 0:00:03]} 41. Rc5 {[%emt 0:00:01]} Ka4 {[%emt 0:00:02]} 42. Rxb5 {[%emt 0:00:01]} Kxb5 {[%emt 0:00:01]} 43. Bxh7 {[%emt 0:00:00]} Rf3 {[%emt 0:00:01]} 44. Bd3+ {[%emt 0:00:00]} Ka4 {[%emt 0:00:02]} 45. h7 {[%emt 0:00:00]} Rxe3 {[%emt 0:00:01]} 46. Bc2+ {[%emt 0:00:01]} b3 {[%emt 0:00:01]} 47. h8=Q {[%emt 0:00:00]} bxc2 {[%emt 0:00:00]} 48. Qa8+ {[%emt 0:00:02] Time (Lag: Av=0.46s, max=0.8s)} 1-0

[Event "178th Stay Safe Play From Home series"]
[Site "T#646379Emanuel Laske"]
[Date "2020.05.27"]
[Round "4"]
[White "SoulofWolf"]
[Black "Eidgenosse"]
[Result "0-1"]
[WhiteElo "2186"]
[BlackElo "2428"]
[Annotator "RC"]
[PlyCount "58"]
[EventDate "2020.05.27"]
[EventType "swiss (blitz)"]

1. d4 {[%emt 0:00:00]} Nf6 {[%emt 0:00:01]} 2. Nf3 {[%emt 0:00:00]} g6 {[%emt 0:00:00]} 3. Bg5 {[%emt 0:00:00]} Bg7 {[%emt 0:00:00]} 4. Nbd2 {[%emt 0:00:01]} d5 {[%emt 0:00:01]} 5. e3 {[%emt 0:00:00]} O-O {[%emt 0:00:01]} 6. Bd3 {[%emt 0:00:01]} c5 {[%emt 0:00:00]} 7. c3 {[%emt 0:00:01]} b6 {[%emt 0:00:00]} 8. O-O {[%emt 0:00:01]} Ba6 {[%emt 0:00:00]} 9. Re1 {[%emt 0:00:00]} Bxd3 {[%emt 0:00:01]} 10. Nb3 {[%emt 0:00:00]} c4 {[%emt 0:00:02]} 11. Nbd2 {[%emt 0:00:02]} Ne4 {[%emt 0:00:01]} 12. Bf4 {[%emt 0:00:01]} Nd7 {[%emt 0:00:01]} 13. h3 {[%emt 0:00:01]} Nxd2 {[%emt 0:00:01]} 14. Qxd2 {[%emt 0:00:02]} Nf6 {[%emt 0:00:01]} 15. Ne5 {[%emt 0:00:02]} Ne4 {[%emt 0:00:01]} 16. Qd1 {[%emt 0:00:01]} f6 {[%emt 0:00:02]} 17. Ng4 {[%emt 0:00:02]} h5 {[%emt 0:00:04]} 18. f3 {[%emt 0:00:02]} hxg4 {[%emt 0:00:01]} 19. fxe4 {[%emt 0:00:01]} Bxe4 {[%emt 0:00:00]} 20. hxg4 {[%emt 0:00:01]} e5 {[%emt 0:00:00]} 21. dxe5 {[%emt 0:00:01]} fxe5 {[%emt 0:00:00]} 22. Bg3 {[%emt 0:00:02]} Qg5 {[%emt 0:00:01]} 23. Qe2 {[%emt 0:00:02]} Rf7 {[%emt 0:00:01]} 24. Rad1 {[%emt 0:00:01]} Raf8 {[%emt 0:00:01]} 25. Rf1 {[%emt 0:00:03]} Bd3 {[%emt 0:00:03]} 26. Rxd3 {[%emt 0:00:01]} cxd3 {[%emt 0:00:02]} 27. Rxf7 {[%emt 0:00:03]} dxe2 {[%emt 0:00:02]} 28. Rxf8+ {[%emt 0:00:01]} Kxf8 {[%emt 0:00:01]} 29. Bf2 {[%emt 0:00:00]} e4 {[%emt 0:00:02] SoulofWolf poddaje siê (Lag: Av=0.35s, max=0.5s)} 0-1

[Event "178th Stay Safe Play From Home series"]
[Site "T#646379Emanuel Laske"]
[Date "2020.05.27"]
[Round "4"]
[White "SecantFX"]
[Black "Mepe_Nika"]
[Result "0-1"]
[WhiteElo "1904"]
[BlackElo "2273"]
[Annotator "RC"]
[PlyCount "110"]
[EventDate "2020.05.27"]
[EventType "swiss (blitz)"]

1. g3 {[%emt 0:00:00]} h5 {[%emt 0:00:02]} 2. Bg2 {[%emt 0:00:00]} h4 {[%emt 0:00:01]} 3. f4 {[%emt 0:00:00]} d5 {[%emt 0:00:01]} 4. Bf3 {[%emt 0:00:01]} Nc6 {[%emt 0:00:01]} 5. d3 {[%emt 0:00:01]} e5 {[%emt 0:00:01]} 6. fxe5 {[%emt 0:00:01]} Nxe5 {[%emt 0:00:00]} 7. c3 {[%emt 0:00:01]} Nxf3+ {[%emt 0:00:02]} 8. Nxf3 {[%emt 0:00:01]} hxg3 {[%emt 0:00:00]} 9. h4 {[%emt 0:00:03]} Bd6 {[%emt 0:00:03]} 10. Rg1 {[%emt 0:00:01]} Nf6 {[%emt 0:00:02]} 11. Bg5 {[%emt 0:00:00]} Bg4 {[%emt 0:00:02]} 12. Nbd2 {[%emt 0:00:02]} Qe7 {[%emt 0:00:01]} 13. Qa4+ {[%emt 0:00:01]} c6 {[%emt 0:00:02]} 14. Bxf6 {[%emt 0:00:01]} gxf6 {[%emt 0:00:04]} 15. Qxg4 {[%emt 0:00:01]} Qe3 {[%emt 0:00:03]} 16. Rg2 {[%emt 0:00:10]} Ke7 {[%emt 0:00:02]} 17. Nf1 {[%emt 0:00:03]} Qe6 {[%emt 0:00:06]} 18. Qxe6+ {[%emt 0:00:03]} fxe6 {[%emt 0:00:00]} 19. Nd4 {[%emt 0:00:00]} Rag8 {[%emt 0:00:01]} 20. Nf3 {[%emt 0:00:01]} e5 {[%emt 0:00:03]} 21. e4 {[%emt 0:00:01]} f5 {[%emt 0:00:02]} 22. exf5 {[%emt 0:00:01]} e4 {[%emt 0:00:00]} 23. dxe4 {[%emt 0:00:01]} dxe4 {[%emt 0:00:00]} 24. Nd4 {[%emt 0:00:00]} Kf6 {[%emt 0:00:02]} 25. Ne3 {[%emt 0:00:01]} Rxh4 {[%emt 0:00:02]} 26. O-O-O {[%emt 0:00:02]} Bf4 {[%emt 0:00:02]} 27. Re1 {[%emt 0:00:01]} Rh2 {[%emt 0:00:01]} 28. Ree2 {[%emt 0:00:02]} Bxe3+ {[%emt 0:00:02]} 29. Kc2 {[%emt 0:00:03]} Rxg2 {[%emt 0:00:01]} 30. Rxg2 {[%emt 0:00:01]} Bf2 {[%emt 0:00:01]} 31. Kd2 {[%emt 0:00:02]} Bxd4 {[%emt 0:00:01]} 32. Kc2 {[%emt 0:00:01]} Kxf5 {[%emt 0:00:00]} 33. cxd4 {[%emt 0:00:00]} Kf4 {[%emt 0:00:01]} 34. Re2 {[%emt 0:00:01]} Kf3 {[%emt 0:00:01]} 35. Kd2 {[%emt 0:00:01]} g2 {[%emt 0:00:01]} 36. Re3+ {[%emt 0:00:00]} Kf4 {[%emt 0:00:01]} 37. Re1 {[%emt 0:00:01]} g1=Q {[%emt 0:00:00]} 38. Rxg1 {[%emt 0:00:00]} Rxg1 {[%emt 0:00:01]} 39. Kc3 {[%emt 0:00:00]} Rg2 {[%emt 0:00:00]} 40. b3 {[%emt 0:00:01]} e3 {[%emt 0:00:00]} 41. a3 {[%emt 0:00:00]} e2 {[%emt 0:00:00]} 42. Kd2 {[%emt 0:00:00]} Kf3 {[%emt 0:00:00]} 43. Ke1 {[%emt 0:00:00]} Rg1+ {[%emt 0:00:00]} 44. Kd2 {[%emt 0:00:00]} e1=Q+ {[%emt 0:00:00]} 45. Kd3 {[%emt 0:00:00]} Qb1+ {[%emt 0:00:01]} 46. Kc4 {[%emt 0:00:00]} Rd1 {[%emt 0:00:00]} 47. Kb4 {[%emt 0:00:00]} Qd3 {[%emt 0:00:00]} 48. Ka4 {[%emt 0:00:00]} Qxd4+ {[%emt 0:00:00]} 49. b4 {[%emt 0:00:00]} Qb6 {[%emt 0:00:01]} 50. Kb3 {[%emt 0:00:01]} Qb5 {[%emt 0:00:00]} 51. a4 {[%emt 0:00:01]} Rd3+ {[%emt 0:00:00]} 52. Kc2 {[%emt 0:00:01]} Qc4+ {[%emt 0:00:00]} 53. Kb2 {[%emt 0:00:01]} Rb3+ {[%emt 0:00:00]} 54. Ka1 {[%emt 0:00:01]} Qxb4 {[%emt 0:00:00]} 55. a5 {[%emt 0:00:01]} Qa4# {[%emt 0:00:00] (Lag: Av=0.46s, max=0.9s)} 0-1

[Event "178th Stay Safe Play From Home series"]
[Site "T#646379Emanuel Laske"]
[Date "2020.05.27"]
[Round "4"]
[White "The Next Contender"]
[Black "Grizzzly"]
[Result "1-0"]
[WhiteElo "1878"]
[BlackElo "1735"]
[Annotator "NA RC"]
[PlyCount "125"]
[EventDate "2020.05.27"]
[EventType "swiss (blitz)"]

1. d4 {[%emt 0:00:01]} d5 {[%emt 0:00:01]} 2. c4 {[%emt 0:00:00]} e6 {[%emt 0:00:00]} 3. Nf3 {[%emt 0:00:01]} Nf6 {[%emt 0:00:00]} 4. g3 {[%emt 0:00:00]} Bb4+ {[%emt 0:00:02]} 5. Bd2 {[%emt 0:00:01]} Bxd2+ {[%emt 0:00:01]} 6. Nbxd2 {[%emt 0:00:00]} c6 {[%emt 0:00:00]} 7. Bg2 {[%emt 0:00:00]} Nbd7 {[%emt 0:00:01]} 8. O-O {[%emt 0:00:02]} O-O {[%emt 0:00:00]} 9. e3 {[%emt 0:00:01]} Re8 {[%emt 0:00:00]} 10. b3 {[%emt 0:00:00]} e5 {[%emt 0:00:00]} 11. dxe5 {[%emt 0:00:01]} Nxe5 {[%emt 0:00:00]} 12. Nxe5 {[%emt 0:00:01]} Rxe5 {[%emt 0:00:00]} 13. cxd5 {[%emt 0:00:00]} cxd5 {[%emt 0:00:01]} 14. Nf3 {[%emt 0:00:01]} Re8 {[%emt 0:00:01]} 15. Nd4 {[%emt 0:00:01]} Bg4 {[%emt 0:00:01]} 16. Qd2 {[%emt 0:00:02]} Bf5 {[%emt 0:00:01]} 17. Nxf5 {[%emt 0:00:01]} Ne4 {[%emt 0:00:02]} 18. Bxe4 {[%emt 0:00:02]} dxe4 {[%emt 0:00:00]} 19. Qxd8 {[%emt 0:00:02]} Raxd8 {[%emt 0:00:01]} 20. Nd4 {[%emt 0:00:01]} Re5 {[%emt 0:00:02]} 21. Rac1 {[%emt 0:00:01]} Red5 {[%emt 0:00:00]} 22. Rc7 {[%emt 0:00:01]} R5d7 {[%emt 0:00:02]} 23. Rfc1 {[%emt 0:00:01]} g6 {[%emt 0:00:02]} 24. Rxd7 {[%emt 0:00:01]} Rxd7 {[%emt 0:00:01]} 25. Rc8+ {[%emt 0:00:01]} Kg7 {[%emt 0:00:01]} 26. Kg2 {[%emt 0:00:02]} a6 {[%emt 0:00:00]} 27. Rc5 {[%emt 0:00:01]} f5 {[%emt 0:00:01]} 28. Rc4 {[%emt 0:00:02]} b6 {[%emt 0:00:01]} 29. Ne2 {[%emt 0:00:01]} Rd2 {[%emt 0:00:02]} 30. Nf4 {[%emt 0:00:01]} Rxa2 {[%emt 0:00:01]} 31. Rc6 {[%emt 0:00:01]} a5 {[%emt 0:00:01]} 32. Rxb6 {[%emt 0:00:01]} a4 {[%emt 0:00:00]} 33. Ne6+ {[%emt 0:00:01]} Kf7 {[%emt 0:00:02]} 34. bxa4 {[%emt 0:00:01]} Rxa4 {[%emt 0:00:01]} 35. Ng5+ {[%emt 0:00:01]} Kg7 {[%emt 0:00:01]} 36. Rb7+ {[%emt 0:00:01]} Kf6 {[%emt 0:00:01]} 37. Nxh7+ {[%emt 0:00:01]} Ke5 {[%emt 0:00:02]} 38. Rg7 {[%emt 0:00:01]} Ra2 {[%emt 0:00:01]} 39. Rxg6 {[%emt 0:00:01]} f4 {[%emt 0:00:00]} 40. gxf4+ {[%emt 0:00:01]} Kf5 {[%emt 0:00:01]} 41. Rg5+ {[%emt 0:00:01]} Ke6 {[%emt 0:00:01]} 42. Re5+ {[%emt 0:00:01]} Kf7 {[%emt 0:00:01]} 43. Ng5+ {[%emt 0:00:00]} Kf6 {[%emt 0:00:01]} 44. Nxe4+ {[%emt 0:00:01]} Kf7 {[%emt 0:00:02]} 45. h4 {[%emt 0:00:01]} Ra6 {[%emt 0:00:00]} 46. h5 {[%emt 0:00:01]} Rh6 {[%emt 0:00:01]} 47. Ng5+ {[%emt 0:00:01]} Kg8 {[%emt 0:00:01]} 48. Ne6 {[%emt 0:00:01]} Kf7 {[%emt 0:00:01]} 49. Ng5+ {[%emt 0:00:01]} Kg8 {[%emt 0:00:01]} 50. Nf3 {[%emt 0:00:00]} Rf6 {[%emt 0:00:02]} 51. Nh4 {[%emt 0:00:01]} Kg7 {[%emt 0:00:01]} 52. Rg5+ {[%emt 0:00:01]} Kh7 {[%emt 0:00:01]} 53. Rg6 {[%emt 0:00:01]} Rf7 {[%emt 0:00:01]} 54. h6 {[%emt 0:00:01]} Rf8 {[%emt 0:00:01]} 55. f5 {[%emt 0:00:02]} Rh8 {[%emt 0:00:03]} 56. Rg7+ {[%emt 0:00:02]} Kxh6 {[%emt 0:00:01]} 57. Rg6+ {[%emt 0:00:01]} Kh7 {[%emt 0:00:01]} 58. Nf3 {[%emt 0:00:00]} Rf8 {[%emt 0:00:00]} 59. Ng5+ {[%emt 0:00:00]} Kh8 {[%emt 0:00:02]} 60. e4 {[%emt 0:00:01]} Rxf5 {[%emt 0:00:00]} 61. f4 {[%emt 0:00:00]} Rxf4 {[%emt 0:00:01]} 62. Rh6+ {[%emt 0:00:01]} Kg7 {[%emt 0:00:02]} 63. Ne6+ {[%emt 0:00:00] Zeit (Lag: Av=0.41s, max=0.6s)} 1-0